The 1999 Malaysian survey Congress : Challenges of the millenium
| Corporate Author: | |
|---|---|
| Format: | Book |
| Published: |
Kuala Lumpur :
The Kuala Lumpur Hilton International Hotel ,
1999
|
MARC
| LEADER | 00000cam a2200000 7i4500 | ||
|---|---|---|---|
| 001 | 0000026185 | ||
| 005 | 20150620.0 | ||
| 090 | 0 | 0 | |a S298 |
| 245 | 0 | 4 | |a The 1999 Malaysian survey Congress : |b Challenges of the millenium |c organised by The Institution of Surveyors, Malaysia : |b 18-19 June 1999 |
| 260 | |a Kuala Lumpur : |b The Kuala Lumpur Hilton International Hotel , |c 1999 | ||
| 710 | 0 | |a The Institution Surveyor Malaysia | |
| 999 | |a S000000810 |b BOOK |c Seminar |e Default branch | ||